Forms of Government - Statistics

General Stats
  • This quiz has been taken 44 times
  • The average score is 8 of 15
Answer Stats
Hint Example Type % Correct
1) Citizens elect leaders thru voting US and 45%of the world Democracy
97%
2) Government ruled by a king/queen UK Monarchy
95%
9) Society based on common ownership ofproduction, with an absence of private property or social classes Soviet Union Communism
87%
5) Power is held by a small group of leaders, often thru wealth/nobility Russia, China Oligarchy
74%
3) Ruled by priests that act in the wordof God Vatican City Theocracy
74%
4) No rulers or government, often leadsto chaos Periods in Haiti Anarchy
71%
6) Authoritarian rule characterized by dictatorship and forced military oppression. Italy WW2 Fascism
63%
8) Society is structured around granting land in exchange for labor, with lords and vassals Medieval Europe Feudalism
47%
15) Society based on the struggle of working vs businessclasses with the goal of a classless, communal place Karl Marx Marxism
47%
12) A union of states that contribute to a causein relation to other states Southern states,US Civil War Confederacy
37%
10) Maintaining or expanding power over foreignnations thru expansion UK, France 1800s Imperialism
37%
14) Society ruled by people with technical expertisein their fields Soviet Union, 1956 Technocracy
34%
7) Total power is held by a dictator, where ideologyis controlled to the population North Korea Totalitarian
32%
11) Society is ruled by a group of people with great wealth Ancient Carthage Plutocracy
21%
13) Citizens can vote but cannot participate ingovernment decisions Iraq Electocracy
0%
No matching quizzes found
Score Distribution
Percent of People with Each Score
Percentile by Number Answered
Your Score History
You have not taken this quiz